| 000 | 00807cam a2200217 a 4500 | ||
|---|---|---|---|
| 999 |
_c58265 _d58265 |
||
| 001 | 15218938 | ||
| 005 | 20211018120840.0 | ||
| 008 | 080314s2007 caua 000 0 eng d | ||
| 020 | _a9788779897519 | ||
| 080 | _a299.936 H-88 | ||
| 100 | 1 |
_aHubbard, L. Ron _q _d _912506 |
|
| 245 | 1 | 4 |
_aThe creation of human ability : _ba handbook for Scientologists / _cL. Ron Hubbard. |
| 264 |
_aLos Angeles _bNew Era, _c2007. |
||
| 300 |
_a529 p. : _bill. ; _c25 cm. |
||
| 440 |
_aA scientology Publication _912670 |
||
| 650 | 0 |
_aScientology. _912671 |
|
| 653 | _aადამიანის შესაძლებლობების შექმნა | ||
| 653 | _aThe creation of human ability | ||
| 942 |
_2udc _cBK |
||
| 955 |
_aps05 2008-03-14 z-processor to SSCD _ash00 2008-03-18 _ish21 2008-04-01 (telework) |
||